| 000 -CABECERA |
| Longitud fija campo de control |
00699nam a2200181 a 4500 |
| 001 - NÚMERO DE CONTROL |
| Número de control |
1595 |
| 003 - IDENTIFICADOR DEL NÚMERO DE CONTROL |
| Identificador del número de control |
CDMR |
| 005 - FECHA Y HORA DE LA ÚLTIMA TRANSACCIÓN |
| Fecha y hora de la última transacción |
20130516193226.0 |
| 008 - CÓDIGOS DE INFORMACIÓN DE LONGITUD FIJA |
| Códigos de información de longitud fija |
130130s2002||||||||||||||||||||||||||||d |
| 040 ## - FUENTE DE LA CATALOGACIÓN |
| Centro catalogador de origen |
CDMR |
| Lengua de catalogación |
cat |
| Centro transcriptor |
CPC GIRONA |
| 111 2# - PUNTO DE ACCESO PRINCIPAL-NOMBRE DE CONGRESO |
| 9 (RLIN) |
3444 |
| Nombre de congreso o jurisdicción como elemento de entrada |
Convención de Periodistas de España |
| Número del congreso o número de parte o sección de la obra |
3a |
| Sede del congreso |
Tarragona |
| Fecha del congreso |
2002 |
| 245 10 - MENCIÓN DE TÍTULO |
| Título |
III Convención de Periodistas de España |
| Resto del título |
: [derecho a la información, periodistas con derechos] : ponencias y documentos |
| Mención de responsabilidad, etc. |
Foro de organizaciones de periodistas |
| 260 ## - PUBLICACIÓN, DISTRIBUCIÓN, ETC. (PIE DE IMPRENTA) |
| Lugar de publicación, distribución, etc. |
Tarragona |
| Nombre del editor, distribuidor, etc. |
Foro de organizaciones de periodistas |
| Fecha de publicación, distribución, etc. |
2002 |
| 300 ## - DESCRIPCIÓN FÍSICA |
| Extensión |
55 p. |
| 650 04 - PUNTO DE ACCESO ADICIONAL DE MATERIA - TÉRMINO DE MATERIA |
| 9 (RLIN) |
3445 |
| Término de materia o nombre geográfico como elemento inicial |
Periodisme |
| Subdivisión geográfica |
Espanya |
| Subdivisión de materia general |
Congressos |
| 710 2# - PUNTO DE ACCESO ADICIONAL - NOMBRE DE ENTIDAD |
| 9 (RLIN) |
1199 |
| Nombre de entidad o nombre de jurisdicción como elemento inicial |
Foro de Organizaciones de Periodistas |
| 942 ## - ENTRADA DE ELEMENTOS AGREGADOS (KOHA) |
| Koha [por defecto] tipo de item |
Monografies |
| Fuente de clasificaión o esquema |
|